000
00297nam a22001337a 4500
008
171013b xxu||||| |||| 00| 0 eng d
020
_a
9780767418027
041
_a
eng
080
_2
2ND
_a
316
100
_a
50
101
_a
SOC
245
_a
SHIFTING THE CENTER
_c
FERGUSON,S,.J
942
_2
udc
_c
BK
999
_c
33619
_d
33619